Technical Efficiency and Production Risk of Rice Farmers in Togo

Tento článok analyzuje riziká vplyvu výroby na technickú efektívnosť výrobcov ryže v Togu. Uvažuje sa o stochastickom hraničnom modeli s flexibilnými rizikovými vlastnosťami. Použité prierezové údaje sú zo 4. celoštátneho poľnohospodárskeho sčítania (2011-2014), z ktorého bola vybraná vzorka 2123 do...

Description complète

Enregistré dans:
Détails bibliographiques
Auteur principal: Agnaza, Manawa
Autres auteurs: Agbodji, Akoété Ega
Format: Chapitre de livre
Langue:anglais
Sujets:
Tags: Ajouter un tag
Pas de tags, Soyez le premier à ajouter un tag!

MARC

LEADER 00000naa a2200000 4500
001 0290967
005 20230208090533.3
041 0 |a eng 
044 |a SK 
245 1 0 |a Technical Efficiency and Production Risk of Rice Farmers in Togo  |c Manawa Agnaza, Akoété Ega Agbodji 
520 |a Tento článok analyzuje riziká vplyvu výroby na technickú efektívnosť výrobcov ryže v Togu. Uvažuje sa o stochastickom hraničnom modeli s flexibilnými rizikovými vlastnosťami. Použité prierezové údaje sú zo 4. celoštátneho poľnohospodárskeho sčítania (2011-2014), z ktorého bola vybraná vzorka 2123 domácností. Zistenia ukazujú, že translogový model je najvhodnejší pre funkciu stredného výstupu. Štúdia tiež zistila, že produkcia rizika je významne vysvetlená vstupnými premennými, ako sú pôda, semená, hnojivá a práca. Priemerná technická účinnosť je 79,72 %. Exogénne premenné ako pohlavie, vek, skúsenosti, veľkosť domácnosti, počet polí a vlastníctvo pôdy zlepšujú technickú efektivitu producentov ryže v Togu. Štúdia odporúča togskej vláde: i) zvýšiť cenu ryže, aby sa produkcia ryže stala atraktívnejšou, ii) ďalej dotovať ceny vstupov, aby sa zabezpečilo, že budú ľahko dostupné a cenovo dostupné pre výrobcov, a iii) organizovať školenia o najlepšom využití moderného kapitálu. 
610 2 0 |a efektívnosť 
610 2 0 |a výroba poľnohospodárska 
610 2 0 |a riziko 
610 2 0 |a modely stochastické 
100 1 |a Agnaza, Manawa 
700 1 |a Agbodji, Akoété Ega